| Tag |
First Indicator |
Second Indicator |
Subfields |
| LEADER |
00000nam a2200000 i 4500 |
| 001 |
in00004551321 |
| 003 |
OCoLC |
| 005 |
20220125121654.3 |
| 006 |
m o d |
| 007 |
cr ||||||||||| |
| 008 |
211026s2022 nyua ob 001 0 eng |
| 010 |
|
|
|a 2021052802
|
| 024 |
8 |
|
|a 40030923052
|
| 040 |
|
|
|a DLC
|b eng
|e rda
|c DLC
|d EBLCP
|d OCLCF
|d N$T
|d YDX
|
| 019 |
|
|
|a 1287084930
|
| 020 |
|
|
|a 9780197607046
|q electronic book
|
| 020 |
|
|
|a 0197607047
|q electronic book
|
| 020 |
|
|
|a 9780197607039
|q electronic publication
|
| 020 |
|
|
|a 0197607039
|q electronic publication
|
| 020 |
|
|
|a 9780197607022
|q electronic book
|
| 020 |
|
|
|a 0197607020
|q electronic book
|
| 020 |
|
|
|z 9780197607015
|q hardcover
|
| 020 |
|
|
|z 9780197607060
|q paperback
|
| 035 |
|
|
|a (OCoLC)1287750729
|z (OCoLC)1287084930
|
| 042 |
|
|
|a pcc
|
| 050 |
|
4 |
|a HV6431
|b .A8226 2022
|
| 082 |
0 |
0 |
|a 363.325
|2 23/eng/20211202
|
| 100 |
1 |
|
|a Asal, Victor,
|e author.
|
| 245 |
1 |
0 |
|a Insurgent terrorism :
|b intergroup relationships and the killing of civilians /
|c Victor Asal, Brian J. Phillips, and R. Karl Rethemeyer.
|
| 264 |
|
1 |
|a New York, NY :
|b Oxford University Press,
|c [2022]
|
| 300 |
|
|
|a 1 online resource () :
|b illustrations.
|
| 336 |
|
|
|a text
|b txt
|2 rdacontent
|
| 337 |
|
|
|a computer
|b c
|2 rdamedia
|
| 338 |
|
|
|a online resource
|b cr
|2 rdacarrier
|
| 490 |
1 |
|
|a Causes and consequences of terrorism series
|
| 504 |
|
|
|a Includes bibliographical references and index.
|
| 505 |
0 |
|
|a Cover -- Half-Title -- Series -- Title -- Copyright -- Contents -- Acknowledgments -- SECTION I: INTRODUCTION, THEORY, AND INITIAL TESTING -- 1. Introduction -- 2. The Embeddedness Theory of Civilian Targeting by Insurgent Organizations -- 3. Describing the Big, Allied, and Dangerous II Insurgency Data and Other Data Sources -- 4. Testing Primary Hypotheses -- SECTION II: EMPIRICAL EXTENSIONS -- 5. Why Do Some Insurgent Groups Mostly Attack the General Public? -- 6. Why Do Some Insurgent Groups Attack Schools? -- 7. Why Do Some Insurgent Groups Attack Journalists?
|
| 505 |
8 |
|
|a SECTION III: FURTHER ANALYSIS OF INTERGROUP RELATIONSHIPS -- 8. Longitudinal Modeling of Insurgent Alliances -- 9. Understanding Insurgent Rivalry -- 10. Conclusion -- Index
|
| 588 |
|
|
|a Description based on online resource; title from digital title page (viewed on January 20, 2022).
|
| 650 |
|
0 |
|a Terrorism.
|
| 650 |
|
0 |
|a Insurgency.
|
| 650 |
|
0 |
|a Violence.
|
| 650 |
|
7 |
|a Insurgency.
|2 fast
|0 (OCoLC)fst00975461
|
| 650 |
|
7 |
|a Terrorism.
|2 fast
|0 (OCoLC)fst01148101
|
| 650 |
|
7 |
|a Violence.
|2 fast
|0 (OCoLC)fst01167224
|
| 655 |
|
7 |
|a Electronic books.
|2 local
|
| 700 |
1 |
|
|a Phillips, Brian J.,
|e author.
|
| 700 |
1 |
|
|a Rethemeyer, R. Karl,
|e author.
|
| 710 |
2 |
|
|a ProQuest (Firm)
|
| 776 |
1 |
8 |
|i Print version:
|a Asal, Victor.
|t Insurgent terrorism
|d New York, NY : Oxford University Press, [2022]
|z 9780197607015
|w (DLC) 2021052801
|
| 830 |
|
0 |
|a Causes and consequences of terrorism series.
|
| 856 |
4 |
0 |
|u https://ebookcentral.proquest.com/lib/tamucs/detail.action?docID=6838511
|z Connect to the full text of this electronic book
|t 0
|
| 945 |
|
|
|b 171257
|
| 955 |
|
|
|a YBP purchased approval e-records
|
| 980 |
|
|
|b ebook
|c 40030923052
|f NONFIC/B
|g 565751
|k USD
|m 193.05
|q 1
|s AcqMono Conventional
|t Approval plan
|u Vendor order reference number
|v ZYBP
|y E-approvals
|z Electronic resource
|
| 987 |
|
|
|a 17781761
|
| 999 |
f |
f |
|i b9d2b43b-ea88-4e4b-859c-5f0a12105e46
|s 0e580f18-7b1b-4fa0-b77d-3fc897c435b9
|t 0
|
| 952 |
f |
f |
|a Texas A&M University
|b College Station
|c Electronic Resources
|s www_evans
|d Available Online
|t 0
|e HV6431 .A8226 2022
|h Library of Congress classification
|